[Event "Torredembarra op 20th"]
[Site "Torredembarra"]
[Date "2018.07.01"]
[Round "2"]
[White "Alarcon Casellas, Rolando"]
[Black "Farre Selma, David"]
[Result "1-0"]
[WhiteElo "2389"]
[BlackElo "1906"]
[PlyCount "61"]
[EventDate "2018.06.30"]
[EventType "swiss"]
[EventRounds "9"]
[EventCountry "ESP"]
[SourceTitle "CBM 185 Extra"]
[Source "ChessBase"]
[SourceDate "2018.07.29"]
[SourceVersion "1"]
[SourceVersionDate "2018.07.29"]
[SourceQuality "1"]

1. e4 d5 2. exd5 Qxd5 3. Nc3 Qd8 4. d4 c6 5. Bc4 Nf6 6. Nf3 Bf5 7. Ne5 e6 8. g4 Bg6 9. h4 Nd5 10. Bxd5 exd5 11. Qe2 Qe7 12. h5 Bxc2 13. Qxc2 f6 14. Nxd5 cxd5 15. Qc8+ Qd8 16. Qxd8+ Kxd8 17. Nf7+ Kd7 18. Nxh8 Bb4+ 19. Kf1 Nc6 20. h6 g6 21. Nxg6 hxg6 22. h7 Rh8 23. Be3 Ke7 24. a3 Bd6 25. b4 a6 26. Rb1 Nb8 27. a4 Kf7 28. a5 Kg7 29. b5 Rxh7 30. Rxh7+ Kxh7 31. bxa6 1-0

[Event "Tarragona-chA"]
[Site "Tarragona"]
[Date "2017.10.22"]
[Round "3"]
[White "Farre Selma, David"]
[Black "Novales Montero, Enric"]
[Result "1-0"]
[WhiteElo "1929"]
[BlackElo "1789"]
[PlyCount "95"]
[EventDate "2017.10.08"]
[EventType "swiss"]
[EventRounds "9"]
[EventCountry "ESP"]
[SourceTitle "CBM 181 Extra"]
[Source "ChessBase"]
[SourceDate "2017.12.12"]
[SourceVersion "1"]
[SourceVersionDate "2017.12.12"]
[SourceQuality "1"]

1. e4 e5 2. Nf3 Nc6 3. Bc4 Bc5 4. c3 Qe7 5. 0-0 d6 6. d4 Bb6 7. Ng5 Nh6 8. d5 Nb8 9. a4 a6 10. a5 Ba7 11. Kh1 Ng4 12. Qe2 0-0 13. f4 exf4 14. Bxf4 Ne5 15. Nd2 Bg4 16. Ngf3 Nbd7 17. Bg5 f6 18. Bh4 Rae8 19. Bf2 Bxf2 20. Rxf2 Nxf3 21. gxf3 Bh5 22. Qf1 Ne5 23. Be2 Ng6 24. Qh3 Nf4 25. Qh4 g5 26. Rg1 Bg6 27. Qh6 Rf7 28. Bf1 Rg7 29. h4 Bh5 30. hxg5 fxg5 31. Rfg2 Nxg2 32. Bxg2 Qf7 33. Bh3 Bxf3+ 34. Nxf3 Qxf3+ 35. Kh2 Qf4+ 36. Rg3 Rxe4 37. Be6+ Kh8 38. Qh5 Qh4+ 39. Qxh4 Rxh4+ 40. Kg2 Rf4 41. Bc8 c6 42. dxc6 bxc6 43. Bxa6 Ra7 44. Bd3 Rxa5 45. Rh3 Ra7 46. Rh6 Ra8 47. Kg3 Kg7 48. Rxh7+ 1-0

[Event "Vallfogona rapid op 25th"]
[Site "Vallfogona de Balaguer"]
[Date "2017.09.17"]
[Round "7"]
[White "Baches Garcia, Guillermo"]
[Black "Farre Selma, David"]
[Result "1-0"]
[WhiteElo "2326"]
[BlackElo "1929"]
[PlyCount "67"]
[EventDate "2017.09.17"]
[EventType "swiss (rapid)"]
[EventRounds "9"]
[EventCountry "ESP"]
[SourceTitle "CBM 180 Extra"]
[Source "ChessBase"]
[SourceDate "2017.10.06"]
[SourceVersion "1"]
[SourceVersionDate "2017.10.06"]
[SourceQuality "1"]

1. d4 d6 2. e4 Nf6 3. f3 c6 4. c4 Nbd7 5. Nc3 e5 6. Nge2 Be7 7. Be3 0-0 8. d5 cxd5 9. Nxd5 Nxd5 10. Qxd5 Nb6 11. Qd3 Be6 12. b3 Qc7 13. Nc3 f5 14. Be2 fxe4 15. fxe4 Nd7 16. Bf3 Nc5 17. Qe2 Qa5 18. Rc1 Bh4+ 19. g3 Rxf3 20. Qxf3 Nd3+ 21. Kd2 Nxc1 22. Rxc1 Rf8 23. Qe2 Bf6 24. Kc2 Qd8 25. Rd1 Be7 26. Bxa7 Qc8 27. Qe3 Qe8 28. Qd3 Qh5 29. Rd2 Bg5 30. Re2 Rf3 31. Qxd6 Rxc3+ 32. Kxc3 Qxe2 33. Qxe6+ Kf8 34. Bc5+ 1-0

[Event "Salou op"]
[Site "Salou"]
[Date "2017.04.29"]
[Round "2"]
[White "Farre Selma, David"]
[Black "Laliena Solanes, Luis M"]
[Result "1-0"]
[WhiteElo "1918"]
[BlackElo "2179"]
[PlyCount "91"]
[EventDate "2017.04.29"]
[EventType "swiss"]
[EventRounds "6"]
[EventCountry "ESP"]
[SourceTitle "CBM 178 Extra"]
[Source "ChessBase"]
[SourceDate "2017.06.22"]
[SourceVersion "1"]
[SourceVersionDate "2017.06.22"]
[SourceQuality "1"]

1. e4 c6 2. d4 d5 3. Nc3 dxe4 4. Nxe4 Nf6 5. Nxf6+ gxf6 6. Nf3 Bg4 7. Be2 Nd7 8. Be3 Nb6 9. h3 Bf5 10. Bd3 Qd5 11. Bxf5 Qxf5 12. Qe2 e6 13. 0-0-0 Qd5 14. Kb1 Nc4 15. Bc1 b5 16. Rhe1 Bb4 17. c3 Bd6 18. Qe4 Rb8 19. Nd2 f5 20. Qxd5 cxd5 21. Nxc4 bxc4 22. Kc2 Kd7 23. g3 h5 24. Bg5 Rhg8 25. h4 Rg6 26. b3 f6 27. Be3 Rg4 28. bxc4 dxc4 29. Rb1 f4 30. gxf4 Bxf4 31. Rxb8 Bxb8 32. Rh1 Kc6 33. Kd2 Kd5 34. Rb1 Bf4 35. Rb5+ Ke4 36. Ke2 Bxe3 37. f3+ Kf4 38. fxg4 hxg4 39. h5 Ke4 40. Ra5 g3 41. Rxa7 f5 42. Re7 f4 43. Rxe6+ Kf5 44. Rxe3 g2 45. Re5+ Kg4 46. Kf2 1-0

[Event "Lleida-ch"]
[Site "Bellcaire"]
[Date "2016.11.27"]
[Round "9"]
[White "Farre Selma, David"]
[Black "Pera Lucas, Eugeni"]
[Result "1-0"]
[WhiteElo "1857"]
[BlackElo "1931"]
[PlyCount "79"]
[EventDate "2016.10.02"]
[EventType "swiss"]
[EventRounds "9"]
[EventCountry "ESP"]
[SourceTitle "EXT 2018"]
[Source "ChessBase"]
[SourceDate "2017.10.13"]
[SourceVersion "1"]
[SourceVersionDate "2017.10.13"]
[SourceQuality "1"]

1. e4 e5 2. Nf3 Nc6 3. Bc4 Nf6 4. Ng5 d5 5. exd5 Na5 6. Bb5+ c6 7. dxc6 bxc6 8. Qf3 Rb8 9. Bxc6+ Nxc6 10. Qxc6+ Nd7 11. Ne4 Rb6 12. Qc4 Ba6 13. Qc3 Be7 14. Qg3 Rg6 15. Qf3 0-0 16. d3 Qb8 17. Nbc3 Bb7 18. Qh3 Qd8 19. Bd2 f5 20. Ng3 f4 21. Nge4 Nf6 22. Nxf6+ gxf6 23. Qe6+ Kh8 24. Rg1 Re8 25. Qb3 Bxg2 26. 0-0-0 Reg8 27. Ne2 Bc5 28. d4 Bxd4 29. Bxf4 Bd5 30. Qb4 Rxg1 31. Nxg1 Qa8 32. Be3 Rb8 33. Qd6 Rb6 34. Qe7 Bxb2+ 35. Kd2 Re6 36. Qxa7 Qd8 37. Ke1 Bc3+ 38. Bd2 Bd4 39. Qa3 Qb6 40. Qf8# 1-0

[Event "Lleida-ch"]
[Site "Bellcaire"]
[Date "2016.11.13"]
[Round "7"]
[White "Farre Selma, David"]
[Black "Palau Cabases, Albert"]
[Result "0-1"]
[WhiteElo "1857"]
[BlackElo "1922"]
[PlyCount "72"]
[EventDate "2016.10.02"]
[EventType "swiss"]
[EventRounds "9"]
[EventCountry "ESP"]
[SourceTitle "EXT 2018"]
[Source "ChessBase"]
[SourceDate "2017.10.13"]
[SourceVersion "1"]
[SourceVersionDate "2017.10.13"]
[SourceQuality "1"]

1. c4 e5 2. g3 Nc6 3. Bg2 f5 4. e3 Nf6 5. Ne2 Be7 6. d4 e4 7. Bd2 0-0 8. Bc3 d5 9. Nd2 Nb4 10. Bxb4 Bxb4 11. c5 c6 12. a3 Ba5 13. b4 Bc7 14. a4 a6 15. Nc3 Bd7 16. 0-0 g5 17. f4 gxf4 18. gxf4 Ng4 19. Qe2 Qh4 20. h3 Nf6 21. Qf2 Qh5 22. Qe2 Qh6 23. b5 Nh5 24. Kh2 axb5 25. axb5 Rxa1 26. Rxa1 Nxf4 27. exf4 Bxf4+ 28. Kh1 Bxd2 29. bxc6 Bxc3 30. cxd7 Bxa1 31. Qa2 Qc6 32. Qxa1 Qxd7 33. Qa2 f4 34. Qb3 f3 35. Bf1 Kh8 36. Qb4 Rg8 0-1

[Event "Salou op U2200 1st"]
[Site "Salou"]
[Date "2016.04.30"]
[Round "2"]
[White "Farre Selma, David"]
[Black "Solano Lasierra, Javier"]
[Result "0-1"]
[WhiteElo "1868"]
[BlackElo "2117"]
[PlyCount "58"]
[EventDate "2016.04.29"]
[EventType "swiss"]
[EventRounds "6"]
[EventCountry "ESP"]
[SourceTitle "CBM 172 Extra"]
[Source "ChessBase"]
[SourceDate "2016.06.21"]
[SourceVersion "1"]
[SourceVersionDate "2016.06.21"]
[SourceQuality "1"]

1. e4 c6 2. d4 d5 3. e5 c5 4. Bb5+ Nc6 5. Ne2 a6 6. Bxc6+ bxc6 7. 0-0 e6 8. Be3 cxd4 9. Qxd4 c5 10. Qg4 f5 11. Qg3 Qc7 12. Nd2 Nh6 13. h3 Nf7 14. f4 Rb8 15. b3 g6 16. Nf3 Be7 17. Qe1 0-0 18. Nh4 Bb7 19. Qg3 Kg7 20. Nf3 a5 21. h4 Nh6 22. Nh2 d4 23. Bd2 Qc6 24. Rf2 a4 25. Nf3 Ng4 26. Rff1 Qe4 27. Rfe1 Qxc2 28. Nexd4 cxd4 29. Nxd4 Bc5 0-1

[Event "Lleida op"]
[Site "Lleida"]
[Date "2016.04.23"]
[Round "1.10"]
[White "Farre Selma, David"]
[Black "Pedra Marquina, Alex"]
[Result "1-0"]
[WhiteElo "1868"]
[BlackElo "1677"]
[PlyCount "57"]
[EventDate "2016.04.23"]
[EventType "swiss"]
[EventRounds "9"]
[EventCountry "ESP"]
[SourceTitle "EXT 2024"]
[Source "ChessBase"]
[SourceDate "2023.10.10"]
[SourceVersion "1"]
[SourceVersionDate "2023.10.10"]
[SourceQuality "1"]

1. e4 e5 2. Nf3 Nc6 3. Bc4 Bc5 4. c3 Nf6 5. d4 exd4 6. cxd4 Bb6 7. e5 Ba5+ 8. Nc3 Bxc3+ 9. bxc3 Ng8 10. 0-0 d6 11. exd6 cxd6 12. Bg5 Nf6 13. Re1+ Ne7 14. Qe2 Bg4 15. Bb5+ Kf8 16. Bxf6 gxf6 17. Qe3 Bxf3 18. Qh6+ Kg8 19. gxf3 Nf5 20. Qf4 Ng7 21. Kh1 Rc8 22. Rg1 Rxc3 23. Qg4 Qf8 24. Rae1 Rc8 25. Bc4 a6 26. Re7 Rd8 27. Bxf7+ Qxf7 28. Rxf7 Kxf7 29. Qxg7+ 1-0

[Event "La Pobla de Lillet op 25th A"]
[Site "La Pobla de Lillet"]
[Date "2015.08.03"]
[Round "3.9"]
[White "Travesset Ribera, Daniel"]
[Black "Farre Selma, David"]
[Result "1-0"]
[WhiteElo "2149"]
[BlackElo "1897"]
[PlyCount "95"]
[EventDate "2015.08.01"]
[EventType "swiss"]
[EventRounds "9"]
[EventCountry "ESP"]
[SourceTitle "EXT 2024"]
[Source "ChessBase"]
[SourceDate "2023.10.10"]
[SourceVersion "1"]
[SourceVersionDate "2023.10.10"]
[SourceQuality "1"]

1. Nf3 d5 2. g3 Nf6 3. Bg2 Nbd7 4. d4 e6 5. c4 Bb4+ 6. Bd2 Bxd2+ 7. Nbxd2 0-0 8. 0-0 c5 9. Rc1 cxd4 10. Nxd4 e5 11. Nc2 Nb6 12. cxd5 Nbxd5 13. Nc4 Re8 14. e4 Qc7 15. N2a3 Nb4 16. Nd6 Qe7 17. Nxe8 Nxe8 18. Ra1 Be6 19. b3 Rd8 20. Qe2 Nf6 21. Nc4 Bg4 22. f3 Bc8 23. Rfd1 Rf8 24. Qd2 Qc5+ 25. Qf2 Qe7 26. Qxa7 Nc2 27. Rac1 Nd4 28. Kh1 Nc6 29. Qa3 Qe8 30. Nd6 Qe7 31. Nc4 Qe8 32. Qc5 Nd7 33. Qe3 f6 34. Nd6 Qe7 35. Bh3 Nb6 36. Qxb6 Bxh3 37. Qxb7 Qxb7 38. Nxb7 Nd4 39. Rc3 Ra8 40. a4 Ra7 41. Nc5 Rf7 42. Nd3 Ne2 43. Rc5 Rb7 44. b4 Nd4 45. a5 Nxf3 46. a6 Ra7 47. b5 Be6 48. Nb4 1-0

[Event "Vallfogona Hostal Nou op"]
[Site "Vallfogona de Balaguer"]
[Date "2014.05.17"]
[Round "4"]
[White "Quintas Galeano, Lluis"]
[Black "Farre Selma, David"]
[Result "1-0"]
[WhiteElo "2222"]
[BlackElo "2033"]
[PlyCount "85"]
[EventDate "2014.04.26"]
[EventType "swiss"]
[EventRounds "8"]
[EventCountry "ESP"]
[SourceTitle "EXT 2015"]
[Source "ChessBase"]
[SourceDate "2014.11.20"]
[SourceVersion "1"]
[SourceVersionDate "2014.11.20"]
[SourceQuality "1"]

1. e4 d6 2. d4 Nf6 3. Nc3 c6 4. f4 Qa5 5. Bd3 e5 6. dxe5 dxe5 7. Nf3 Nbd7 8. 0-0 Ng4 9. Qe2 Bc5+ 10. Kh1 0-0 11. h3 Ngf6 12. fxe5 Nh5 13. Qe1 Nxe5 14. Qh4 Nxd3 15. cxd3 Be7 16. Qxe7 Ng3+ 17. Kg1 Nxf1 18. Kxf1 Qh5 19. Qh4 Qxh4 20. Nxh4 Be6 21. Nf3 Rad8 22. d4 f5 23. e5 Bd5 24. Bg5 Rd7 25. Nxd5 Rxd5 26. Be7 Re8 27. Bd6 a5 28. Rc1 h6 29. Rc5 Rxc5 30. dxc5 Kf7 31. Nd4 g6 32. Kf2 Ra8 33. Ke3 Ra6 34. e6+ Kf6 35. e7 Ra8 36. a4 g5 37. Nb3 Kf7 38. Kd4 Ra6 39. Ke5 f4 40. Nd4 Ra8 41. Ne6 Re8 42. Nd8+ Kg8 43. Ke6 1-0

[Event "Vallfogona Hostal Nou op"]
[Site "Vallfogona de Balaguer"]
[Date "2014.05.10"]
[Round "3"]
[White "Farre Selma, David"]
[Black "Cardona Alcaide, Roberto"]
[Result "1/2-1/2"]
[WhiteElo "2033"]
[BlackElo "2164"]
[PlyCount "126"]
[EventDate "2014.04.26"]
[EventType "swiss"]
[EventRounds "8"]
[EventCountry "ESP"]
[SourceTitle "EXT 2015"]
[Source "ChessBase"]
[SourceDate "2014.11.20"]
[SourceVersion "1"]
[SourceVersionDate "2014.11.20"]
[SourceQuality "1"]

1. d4 Nf6 2. c4 g6 3. Nc3 d5 4. e3 Bg7 5. Nf3 0-0 6. Qb3 dxc4 7. Bxc4 Nc6 8. Ng5 Qe8 9. Nb5 Na5 10. Qb4 Nxc4 11. Qxc4 Qc6 12. Qxc6 bxc6 13. Nc3 Ba6 14. Nge4 Nd7 15. Na4 e5 16. Nec5 Nxc5 17. Nxc5 Bb5 18. a4 Bc4 19. Nd7 exd4 20. Nxf8 Kxf8 21. Ra3 Rb8 22. exd4 Bxd4 23. Rh3 Kg8 24. Rh4 c5 25. Re4 Bd5 26. Re7 Bxg2 27. Rg1 Bf3 28. Rg3 Bd5 29. Rxc7 a6 30. Rg5 f5 31. Be3 Bxe3 32. fxe3 c4 33. Rc5 Bf7 34. Rg2 Rb4 35. a5 Ra4 36. Rxf5 c3 37. bxc3 Ra1+ 38. Kf2 Ra2+ 39. Kf3 Rxg2 40. Rxf7 Ra2 41. Ra7 Rxa5 42. c4 Rc5 43. Rxa6 Rxc4 44. Ra7 Rh4 45. Kg3 Re4 46. Kf3 Rh4 47. Kg3 g5 48. Rd7 Re4 49. Kf3 Rh4 50. Kg3 Rb4 51. Rd4 Rb3 52. Re4 Kf7 53. Kg4 h6 54. h3 Rb1 55. Kh5 Kf6 56. Ra4 Rh1 57. Ra6+ Kf5 58. Ra5+ Ke4 59. Kxh6 g4 60. Ra4+ Kf5 61. Rf4+ Ke5 62. Rxg4 Rxh3+ 63. Kg5 Rxe3 1/2-1/2

[Event "Lleida Province-ch"]
[Site "Balaguer"]
[Date "2013.11.24"]
[Round "8"]
[White "Farre Selma, David"]
[Black "Palau Cabases, Albert"]
[Result "0-1"]
[WhiteElo "1882"]
[BlackElo "1961"]
[PlyCount "104"]
[EventDate "2013.10.06"]
[EventType "swiss"]
[EventRounds "9"]
[EventCountry "ESP"]
[SourceTitle "CBM 157 Extra"]
[Source "ChessBase"]
[SourceDate "2013.12.19"]
[SourceVersion "1"]
[SourceVersionDate "2013.12.19"]
[SourceQuality "1"]

1. e4 d6 2. d4 Nf6 3. Nc3 g6 4. f3 b6 5. Be3 Bg7 6. Qd2 Bb7 7. 0-0-0 h5 8. h3 Nbd7 9. Bc4 c5 10. d5 a6 11. a4 b5 12. axb5 axb5 13. Bxb5 Qa5 14. Qd3 0-0 15. g4 Ne5 16. Qe2 Qa1+ 17. Kd2 Qxb2 18. Rb1 Qa3 19. f4 Qxc3+ 20. Kxc3 Nxe4+ 21. Kb3 Bxd5+ 22. c4 Nxc4 23. Bxc4 Rfb8+ 24. Kc2 Rxb1 25. Kxb1 Nc3+ 26. Kc2 Be4+ 27. Qd3 Bxd3+ 28. Kxd3 d5 29. Bxc5 dxc4+ 30. Kxc4 hxg4 31. hxg4 e6 32. Nh3 Nd5 33. Rb1 Rc8 34. g5 Bf8 35. Rb5 Bd6 36. Kd4 Bxf4 37. Nxf4 Nxf4 38. Be7 Nd5 39. Rxd5 exd5 40. Kxd5 Rc2 41. Kd6 Re2 42. Bf6 Kf8 43. Kd7 Rd2+ 44. Kc6 Ke8 45. Kc7 Re2 46. Bg7 f5 47. gxf6 g5 48. Bh6 g4 49. Bf4 Kf7 50. Kd6 Kxf6 51. Kd5 Kf5 52. Bg3 Rd2+ 0-1

[Event "Lleida Province-ch"]
[Site "Balaguer"]
[Date "2013.10.20"]
[Round "3"]
[White "Perez Cabas, Jose"]
[Black "Farre Selma, David"]
[Result "0-1"]
[WhiteElo "2021"]
[BlackElo "1882"]
[PlyCount "96"]
[EventDate "2013.10.06"]
[EventType "swiss"]
[EventRounds "9"]
[EventCountry "ESP"]
[SourceTitle "CBM 157 Extra"]
[Source "ChessBase"]
[SourceDate "2013.12.19"]
[SourceVersion "1"]
[SourceVersionDate "2013.12.19"]
[SourceQuality "1"]

1. e4 c5 2. Nf3 d6 3. d4 cxd4 4. Nxd4 Nf6 5. Nc3 a6 6. Bc4 e5 7. Nb3 b5 8. Bd3 Be6 9. 0-0 Nc6 10. Re1 Be7 11. a3 0-0 12. Nd2 Nd4 13. Nf1 Qb6 14. Ne3 Rfd8 15. Ncd5 Qb7 16. c3 Nc6 17. Qf3 Na5 18. Bc2 Rac8 19. Nxe7+ Qxe7 20. Nd5 Bxd5 21. exd5 Nc4 22. Bg5 h6 23. Bh4 Nxb2 24. Qg3 Nc4 25. a4 Kf8 26. axb5 axb5 27. Bd3 g5 28. Bxg5 hxg5 29. Qxg5 Ng8 30. Qg3 Ra8 31. Rab1 Rdb8 32. h4 Qf6 33. Rb4 Qf4 34. Qh3 Ra2 35. Rf1 Rb2 36. Bxc4 Rxb4 37. cxb4 Qxc4 38. h5 Nf6 39. h6 Qg4 40. Qc3 Qg6 41. Qe3 Ng4 42. Qa7 Re8 43. Qd7 Nxh6 44. Qxb5 Ng4 45. f3 Ne3 46. Rf2 Ra8 47. Re2 Ra1+ 48. Kf2 Nd1+ 0-1

[Event "Madrid Chamartin op 1st"]
[Site "Madrid"]
[Date "2012.09.09"]
[Round "1"]
[White "Farre Selma, David"]
[Black "Hernando Pertierra, Jose Carlos"]
[Result "0-1"]
[WhiteElo "1882"]
[BlackElo "2376"]
[PlyCount "74"]
[EventDate "2012.09.09"]
[EventType "swiss"]
[EventRounds "9"]
[EventCountry "ESP"]
[SourceTitle "CBM 150 Extra"]
[Source "ChessBase"]
[SourceDate "2012.10.19"]
[SourceVersion "1"]
[SourceVersionDate "2012.10.19"]
[SourceQuality "1"]

1. e4 g6 2. d4 Bg7 3. Nc3 c6 4. Be3 d5 5. Nf3 dxe4 6. Nxe4 Nd7 7. Bc4 Ngf6 8. Nxf6+ exf6 9. c3 0-0 10. Qd2 Re8 11. 0-0-0 Nb6 12. Bb3 a5 13. a3 a4 14. Ba2 Be6 15. Bxe6 Rxe6 16. Qd3 Qd5 17. h4 Qc4 18. h5 Qxd3 19. Rxd3 Rae8 20. hxg6 fxg6 21. Nd2 Nd5 22. Nf1 b5 23. Kc2 h5 24. b3 axb3+ 25. Kxb3 Bf8 26. c4 bxc4+ 27. Kxc4 Ra8 28. Bc1 Re2 29. Ne3 Nb6+ 30. Kb3 Rxf2 31. g4 h4 32. Rxh4 Rb8 33. Rd2 Rf3 34. Re2 Nd5+ 35. Kc2 Re8 36. Nxd5 Rxe2+ 37. Kd1 Rg2 0-1

[Event "Castilla La Mancha Men & Veterans"]
[Site "Guadalajara"]
[Date "2012.08.04"]
[Round "4.3"]
[White "Farre Selma, David"]
[Black "Palomino Menendez, Salvador"]
[Result "1-0"]
[WhiteElo "1868"]
[BlackElo "2054"]
[PlyCount "55"]
[EventDate "2012.08.02"]
[EventType "swiss"]
[EventRounds "6"]
[EventCountry "ESP"]
[SourceTitle "EXT 2024"]
[Source "ChessBase"]
[SourceDate "2023.10.10"]
[SourceVersion "1"]
[SourceVersionDate "2023.10.10"]
[SourceQuality "1"]

1. e4 c5 2. Nf3 a6 3. d4 cxd4 4. Nxd4 e5 5. Nf3 Nf6 6. Bc4 Qc7 7. Qe2 b5 8. Bb3 Bb7 9. Ng5 d5 10. exd5 Bxd5 11. Bxd5 Nxd5 12. 0-0 Nd7 13. Nc3 N7f6 14. Nxd5 Nxd5 15. Qf3 Rd8 16. Re1 Nf6 17. Qb3 Bd6 18. Bd2 h6 19. Ba5 Qd7 20. Bxd8 hxg5 21. Bxf6 gxf6 22. Qd5 Ke7 23. Rad1 Qc7 24. Rd3 Bb4 25. Red1 Qxc2 26. Qe4 Qc4 27. Rd4 Rd8 28. Qb7+ 1-0

[Event "Castilla La Mancha Men & Veterans"]
[Site "Guadalajara"]
[Date "2012.08.03"]
[Round "3.7"]
[White "Rodriguez Navarro, Francisco"]
[Black "Farre Selma, David"]
[Result "0-1"]
[WhiteElo "1637"]
[BlackElo "1868"]
[PlyCount "70"]
[EventDate "2012.08.02"]
[EventType "swiss"]
[EventRounds "6"]
[EventCountry "ESP"]
[SourceTitle "EXT 2024"]
[Source "ChessBase"]
[SourceDate "2023.10.10"]
[SourceVersion "1"]
[SourceVersionDate "2023.10.10"]
[SourceQuality "1"]

1. Nf3 Nf6 2. g3 c6 3. Bg2 d5 4. d3 h6 5. Nbd2 Nbd7 6. 0-0 Nb6 7. e4 Bg4 8. e5 Nfd7 9. d4 e6 10. Qe1 Be7 11. h3 Bxf3 12. Nxf3 c5 13. c3 cxd4 14. cxd4 Rc8 15. Nh2 Nc4 16. Bd2 Nxd2 17. Qxd2 Qb6 18. Nf3 0-0 19. a3 Rc6 20. Rfc1 Rfc8 21. Rxc6 Qxc6 22. Bf1 Qc2 23. Rd1 Nb6 24. Bd3 Qb3 25. Kg2 Nc4 26. Bxc4 Qxc4 27. h4 Bd8 28. Qf4 Bb6 29. h5 Qb3 30. Rd2 Ba5 31. Re2 Qd1 32. Re3 Rc1 33. g4 Bd2 34. Nxd2 Qh1+ 35. Kg3 Rg1# 0-1

[Event "Balaguer op 17th"]
[Site "Balaguer"]
[Date "2012.06.22"]
[Round "7"]
[White "Aranzana Areste, Alberto"]
[Black "Farre Selma, David"]
[Result "1/2-1/2"]
[WhiteElo "2023"]
[BlackElo "1868"]
[PlyCount "117"]
[EventDate "2012.06.16"]
[EventType "swiss"]
[EventRounds "9"]
[EventCountry "ESP"]
[SourceTitle "EXT 2013"]
[Source "ChessBase"]
[SourceDate "2012.11.22"]
[SourceVersion "1"]
[SourceVersionDate "2012.11.22"]
[SourceQuality "1"]

1. e4 d5 2. e5 c5 3. c3 Nc6 4. Bb5 Bf5 5. d4 cxd4 6. cxd4 Bxb1 7. Bxc6+ bxc6 8. Rxb1 Qa5+ 9. Bd2 Qxa2 10. e6 fxe6 11. Ne2 Nf6 12. 0-0 g6 13. Nf4 Ne4 14. Nxe6 Kd7 15. Ng5 Nxd2 16. Qxd2 Bh6 17. Rfe1 Rhe8 18. Qe3 Bxg5 19. Qxg5 Rab8 20. Ra1 Qxb2 21. Rxa7+ Rb7 22. Rxb7+ Qxb7 23. Qe5 e6 24. Qg7+ Re7 25. Qe5 Qb2 26. Qe3 Re8 27. g3 Re7 28. f4 Re8 29. Qd3 Rc8 30. Qe3 Re8 31. h4 Qc2 32. Ra1 Rb8 33. Ra7+ Kd8 34. Qf2 Qc1+ 35. Qf1 Qe3+ 36. Kh2 Rb2+ 37. Kh3 Rb3 38. Qg2 h5 39. Qh2 Rd3 40. Ra2 Rxd4 41. Qb2 Ke7 42. Ra7+ Kf6 43. Kg2 Qe4+ 44. Kh2 Qd3 45. Ra2 c5 46. Qb8 Kf5 47. Qe5+ Kg4 48. Qxe6+ Kf3 49. Qe1 Re4 50. Qf2+ Kg4 51. Rd2 Qc4 52. Qg2 Kf5 53. Ra2 d4 54. Ra8 d3 55. Rf8+ Ke6 56. Re8+ Kf5 57. Rf8+ Ke6 58. Re8+ Kf5 59. Rf8+ 1/2-1/2

[Event "Madrid Oliver Gonzalez Memorial 2nd"]
[Site "Madrid"]
[Date "2011.10.16"]
[Round "9"]
[White "Farre Selma, David"]
[Black "Cerrato Torrijos, Javier"]
[Result "1-0"]
[WhiteElo "1841"]
[BlackElo "1683"]
[PlyCount "77"]
[EventDate "2011.10.08"]
[EventType "swiss"]
[EventRounds "9"]
[EventCountry "ESP"]
[SourceTitle "CBM 144 Extra"]
[Source "ChessBase"]
[SourceDate "2011.10.28"]
[SourceVersion "1"]
[SourceVersionDate "2011.10.28"]
[SourceQuality "1"]

1. e4 c5 2. Nf3 d6 3. b3 Nc6 4. Bb2 Bg4 5. Bc4 e6 6. h3 Bh5 7. 0-0 Nf6 8. Nc3 Be7 9. Bb5 0-0 10. Bxc6 bxc6 11. g4 Bg6 12. e5 Nd5 13. exd6 Bxd6 14. d4 cxd4 15. Qxd4 c5 16. Qd1 Nxc3 17. Bxc3 Qc7 18. Qe2 Qc6 19. Ne5 Bxe5 20. Qxe5 f6 21. Qe2 e5 22. Rad1 Rac8 23. Rd2 Rf7 24. Rfd1 Re7 25. Ba5 f5 26. Rd6 Qe4 27. Qxe4 fxe4 28. Rd8+ Re8 29. Rxe8+ Rxe8 30. c4 Kf7 31. Rd5 Rc8 32. Rd7+ Kf6 33. Rxa7 Rc6 34. Bd8+ Ke6 35. Rxg7 Ra6 36. a4 e3 37. fxe3 Bc2 38. Rb7 Ra8 39. Be7 1-0

[Event "Madrid Oliver Gonzalez Memorial 2nd"]
[Site "Madrid"]
[Date "2011.10.14"]
[Round "7"]
[White "Farre Selma, David"]
[Black "Melcon Diez, Enrique"]
[Result "1-0"]
[WhiteElo "1841"]
[BlackElo "1671"]
[PlyCount "63"]
[EventDate "2011.10.08"]
[EventType "swiss"]
[EventRounds "9"]
[EventCountry "ESP"]
[SourceTitle "CBM 144 Extra"]
[Source "ChessBase"]
[SourceDate "2011.10.28"]
[SourceVersion "1"]
[SourceVersionDate "2011.10.28"]
[SourceQuality "1"]

1. e4 c5 2. b3 Nc6 3. Bb2 d6 4. Nf3 e5 5. Nc3 Nf6 6. Bc4 Be7 7. 0-0 0-0 8. h3 a6 9. a4 Nd4 10. d3 Bd7 11. Nd5 Rb8 12. Nxd4 cxd4 13. f4 b5 14. axb5 axb5 15. fxe5 dxe5 16. Nxe7+ Qxe7 17. Ba3 b4 18. Bc1 Ra8 19. Bg5 Qd6 20. Bxf6 Rxa1 21. Qxa1 gxf6 22. Qc1 f5 23. exf5 Qf6 24. Bd5 Kh8 25. Qd2 Bc6 26. Bxc6 Qxc6 27. Qxb4 Rg8 28. Qd2 Rc8 29. Rf2 f6 30. Qb4 Qe8 31. Qb6 Rb8 32. Qxf6+ 1-0

[Event "Madrid Oliver Gonzalez Memorial 2nd"]
[Site "Madrid"]
[Date "2011.10.13"]
[Round "6"]
[White "Bento Iglesias, Pablo"]
[Black "Farre Selma, David"]
[Result "0-1"]
[WhiteElo "1389"]
[BlackElo "1841"]
[PlyCount "80"]
[EventDate "2011.10.08"]
[EventType "swiss"]
[EventRounds "9"]
[EventCountry "ESP"]
[SourceTitle "CBM 144 Extra"]
[Source "ChessBase"]
[SourceDate "2011.10.28"]
[SourceVersion "1"]
[SourceVersionDate "2011.10.28"]
[SourceQuality "1"]

1. e4 d5 2. exd5 Qxd5 3. d4 c6 4. c4 Qd8 5. Nc3 Nf6 6. Nf3 Bg4 7. Be2 e6 8. 0-0 Be7 9. Bf4 0-0 10. h3 Bxf3 11. Bxf3 Nbd7 12. Qd2 Nb6 13. b3 Bb4 14. a3 Be7 15. c5 Nbd5 16. Be3 Nxc3 17. Qxc3 Nd5 18. Qd2 Nxe3 19. fxe3 e5 20. b4 exd4 21. exd4 Bf6 22. Rad1 Bg5 23. Qd3 Re8 24. Rfe1 Qc7 25. Be4 g6 26. Rf1 Rad8 27. Rde1 Qd7 28. Rd1 Qxd4+ 29. Qxd4 Rxd4 30. Rxd4 Be3+ 31. Kh1 Bxd4 32. Bd3 f6 33. Rd1 Bb2 34. Bc4+ Kf8 35. Rd7 Re7 36. Rd8+ Kg7 37. g4 Bxa3 38. h4 Bxb4 39. g5 fxg5 40. hxg5 h6 0-1